00547 2200181 4500245009000000020001800090250001100108100002800119650001800147650002100165005001900186260004200205041001400247084000800261300002300269500006400292336000900356 aEnglish Classics b : Shelock Holmes Short Stories #2cDoyle, Sir Arthur ConanhText a9786020356822 aCet. 8 aDoyle, Sir Arthur Conan aFiksi Inggris aEnglish Classics a20240111134907 aJakartabGramedia Pustaka Utamac2023 aIndonesia a823 a200 hlm. :c18 cm. a"You see, but you do not observe. The distinction is clear" atext